000 00374nam a22001337a 4500
999 _c2100
_d2100
008 200213b ||||| |||| 00| 0 eng d
020 _a0070446873
100 _91697
_aDas, Sumitabha
245 1 0 _aYour UNIX the ultimate guide/
_cby Sumitabha Das
260 _aNew-Delhi
_bTata-McGrawhill
_c2006
300 _aliv,918p.
650 0 _aOperating Systems (Computers)
942 _cBK